Термокаталитическое превращение тяжелого остаточного сырья в присутствии полиоксомолибдатных соединений; Иерархические материалы: разработка и приложения для новых технологий и надежных конструкций

Dettagli Bibliografici
Parent link:Иерархические материалы: разработка и приложения для новых технологий и надежных конструкций.— 2018.— [С. 645-646]
Ente Autore: Национальный исследовательский Томский политехнический университет Инженерная школа новых производственных технологий Отделение материаловедения
Altri autori: Акимов А. С., Морозов М. А., Панин С. В. Сергей Викторович, Восмериков А. В.
Riassunto:Заглавие с экрана
Режим доступа: по договору с организацией-держателем ресурса
Lingua:russo
Pubblicazione: 2018
Serie:Материалы и реагенты для повышения нефтеотдачи, транспортировки нефти и переработки углеводородного сырья
Soggetti:
Accesso online:http://dx.doi.org/10.17223/9785946217408/403
https://elibrary.ru/item.asp?id=36749268
Natura: MixedMaterials Elettronico Capitolo di libro
KOHA link:https://koha.lib.tpu.ru/cgi-bin/koha/opac-detail.pl?biblionumber=659930

MARC

LEADER 00000nla2a2200000 4500
001 659930
005 20240110144259.0
035 |a (RuTPU)RU\TPU\network\28762 
035 |a RU\TPU\network\28761 
090 |a 659930 
100 |a 20190405a2018 k y0rusy50 ca 
101 0 |a rus 
102 |a RU 
105 |a y z 100zy 
135 |a drcn ---uucaa 
181 0 |a i  
182 0 |a b 
200 1 |a Термокаталитическое превращение тяжелого остаточного сырья в присутствии полиоксомолибдатных соединений  |f А. С. Акимов [и др.] 
203 |a Текст  |c электронный 
225 1 |a Материалы и реагенты для повышения нефтеотдачи, транспортировки нефти и переработки углеводородного сырья 
300 |a Заглавие с экрана 
320 |a [Библиогр.: с. 646 (3 назв.)] 
333 |a Режим доступа: по договору с организацией-держателем ресурса 
463 0 |0 (RuTPU)RU\TPU\network\28560  |t Иерархические материалы: разработка и приложения для новых технологий и надежных конструкций  |o международный симпозиум, 1-5 октября 2018 года, Томск, Россия  |o тезисы докладов международной конференции "Перспективные материалы с иерархической структурой для новых технологий и надежных конструкций"  |o тезисы докладов международной конференции "Химия нефти и газа"  |f Российская академия наук (РАН), Сибирское отделение (СО), Институт физики прочности и материаловедения (ИФПМ) ; Российская академия наук (РАН), Сибирское отделение (СО), Институт химии нефти (ИХН) ; Национальный исследовательский Томский политехнический университет (ТПУ)  |v [С. 645-646]  |d 2018 
610 1 |a электронный ресурс 
610 1 |a труды учёных ТПУ 
610 1 |a термокаталитические превращения 
610 1 |a тяжелое углеводородное сырье 
610 1 |a остаточное сырье 
610 1 |a синтез 
610 1 |a молибденовые сини 
701 1 |a Акимов  |b А. С. 
701 1 |a Морозов  |b М. А. 
701 1 |a Панин  |b С. В.  |c специалист в области материаловедения  |c профессор Томского политехнического университета, доктор технических наук  |f 1971-  |g Сергей Викторович  |3 (RuTPU)RU\TPU\pers\26548  |9 12237 
701 1 |a Восмериков  |b А. В. 
712 0 2 |a Национальный исследовательский Томский политехнический университет  |b Инженерная школа новых производственных технологий  |b Отделение материаловедения  |3 (RuTPU)RU\TPU\col\23508 
801 2 |a RU  |b 63413507  |c 20191118  |g RCR 
856 4 |u http://dx.doi.org/10.17223/9785946217408/403 
856 4 |u https://elibrary.ru/item.asp?id=36749268 
942 |c CF